ბათუმის შოთა რუსთაველის სახელმწიფო უნივერსიტეტის ბიბლიოთეკა

ჰიდროელექტროსადგურების მშენებლობა საქართველოში = Строительство гидроэлектростанций в Грузии / (ბიბ.ჩანაწერი № 37657)

000 -ლიდერი
ფიქსირებული სიგრძის საკონტროლო ველი 01018nam a2200205Ia 4500
001 - საკონტროლო ნომერი
საკონტროლო ველი 3629
003 - საკონტროლო ნომრის იდენტიფიკატორი
საკონტროლო ველი GE_BSU
005 - ბოლო ოპერაციის თარიღი და დრო
საკონტროლო ველი 20190603181806.0
008 - ფიქსირებული სიგრძის მონაცემთა ელემენტები - ზოგადი ინფორმაცია
ფიქსირებული სიგრძის საკონტროლო ველი 181216s1968||||ge |||||||||||||| ||geo||
040 ## - კატალოგიზაციის წყარო
Transcribing agency GE_BSU
041 ## - ენის კოდი
Language code of text/sound track or separate title geo
080 ## - უნივერსალური ათობითი კლასიფიკაციის ინდექსი
Universal Decimal Classification number 621.311(479.22) ჩ–76
100 ## - მთავარი ჩანაწერი - პიროვნების სახელი
Personal name ჩოგოვაძე, გ
9 (RLIN) 947
245 ## - ცნობა სათაურის შესახებ
Title ჰიდროელექტროსადგურების მშენებლობა საქართველოში = Строительство гидроэлектростанций в Грузии /
Statement of responsibility, etc გ. ჩოგოვაძე ; რედ : ნ. კუპრავა.
264 ## - წარმოების, გამოცემის, დისტრიბუციის და სხვა ცნობები
გამოცემის, წარმოების, დისტრიბუციის... ადგილი თბილისი :
გამოცემის, წარმოების, დისტრიბუციის... სახელწოდება საბჭოთა საქართველო,
გამოცემის, წარმოების, დისტრიბუციის... თარიღი 1968.
300 ## - ფიზიკური აღწერა
Extent 318 გვ .:
Dimensions 22 სმ.
653 ## - INDEX TERM--UNCONTROLLED
Uncontrolled term ჰიდროელექტროსადგურების მშენებლობა საქართველოში
700 ## - ADDED ENTRY--PERSONAL NAME
Personal name კუპრავა, ნ
Relator term რედაქტორი
9 (RLIN) 2026
942 ## - ADDED ENTRY ELEMENTS (KOHA)
Koha item type წიგნი
Source of classification or shelving scheme
ეგზემპლარები
ჩამოწერის სტატუსი დაკარგული ეგზემპლარის სტატუსი კლასიფიკაციის წყარო ან თაროზე გაწყობის სქემა დაზიანების სტატუსი არ გაიცემა მუდმივი მდებარეობა (დაცვის ადგილი) ამჟამინდელი ადგილსამყოფელი თაროზე განთავსების ადგილი შეძენის თარიღი ღირებულება, შესყიდვის ნორმალური ფასი სრული შენახვის შიფრი შტრიხკოდი ბოლო ოპერაციის თარიღი ეგზემპლარის მიმდევრობითი ნომერი (კეტერი?) ფასის ძალაში შესვლის თარიღი ეგზემპლარის სახეობა საჯარო შენიშვნა
          ტექნოლოგიური ფაკულტეტის ბიბლიოთეკა ტექნოლოგიური ფაკულტეტის ბიბლიოთეკა წიგნსაცავი 2018-12-17 5.00 621.311(479.22) ჩ–76 10180 2018-12-17 10180 2018-12-17 წიგნი 5 ლ. 36 თ.
          ტექნოლოგიური ფაკულტეტის ბიბლიოთეკა ტექნოლოგიური ფაკულტეტის ბიბლიოთეკა წიგნსაცავი 2018-12-17 5.00 621.311(479.22) ჩ–76 10388 2018-12-17 10388 2018-12-17 წიგნი 5 ლ. 36 თ.